000 00508nam a2200169 i 4500
001 78667
003 ES-MaACL
005 20230906173758.0
007 t|
008 041015s1966 sp ||||1| spa d
100 1 _aHaley, Jay.
_961539
245 1 0 _aEstrategias en Psicoterapia /
_cpor Jay Haley ; versión, Víctor Hernández Espinosa.
260 _aBarcelona :
_bToray,
_c1966.
300 _aX, 249 p. ;
_c22 cm.
700 1 _aHernández Espinosa, Víctor.
_962930
852 _aES-MaACL
_jC-29347
_bR.59637
999 _c78667
_d78667